00590nam a2200217Ia 450000500170000000800410001702000220005804000190008004100120009908200130011110000180012424500440014226000450018630000140023144000280024550400180027363000280029165000220031965100210034185000100036220210906105935.0131103s9999 xx 000 0 und d a195656334cRs.395 aLoreto College aEnglish a320bAPP aAppadorai, A. 4aThe Substance of politicscA. Appadorai aNew DelhibOxford University Pressc2004 axiv,583p  aOxford India paperbacks aInclude index aPolitical Organizations aPolitical Science aPolitical Theory aLCLIB